| 000 | 00808nam a2200241 a 4500 | ||
|---|---|---|---|
| 001 | ASIN9699370149 | ||
| 005 | 20170105102932.0 | ||
| 008 | 140718s2012 xxu eng d | ||
| 020 | _a9699370149 (hardcover) | ||
| 020 | _a9789699370144 (hardcover) | ||
| 040 | _a0 | ||
| 050 | 0 | 4 | _aBP168 |
| 082 | 0 | 4 |
_a297.272 _bCRI 2012 |
| 100 | 0 | _aSial, Safdar. | |
| 245 | 0 | 0 |
_aCritical ideologies : _ba debate on takfeer & khurooj / _cSafdar Sial. |
| 260 |
_a[S.l.] : _bIslamabad : Narratives, , _c2012. |
||
| 300 |
_a178 p. _b23 cm. |
||
| 520 | _aCritical Ideologies: A Debate On Takfeer & khurooj by Safdar Sial. | ||
| 650 | 0 | _aApostasy--Islam | |
| 650 | 0 | _aRadicalism--Religious aspects--Islam | |
| 856 | 4 | 0 |
_3Amazon.com _uhttp://www.amazon.com/exec/obidos/ASIN/9699370149/chopaconline-20 |
| 942 |
_2ddc _cBK |
||
| 999 |
_c16079 _d16079 |
||